Представление документа в формате MARC21

Поле Инд. ПП Название Значение
Тип записи a
Библиографический уровень m
001 Контрольный номер 5e4c0300-d2ea-4fa9-b2e2-ffbf54f8fdd2
005 Дата корректировки 20140226203548.9
008 Кодируемые данные 991007 d
020 c Цена, тираж 11.66
040 a Служба первич. каталог. НБ ТвГУ
041 a Код языка текста rus
080 a Индекс УДК 343.148
a Индекс УДК 347.948
084 a Индекс другой классификации/Индекс ББК Х629.341.3
090 c Каталожный индекс Х629.341.3
x Авторский знак В48
a Полочн. индекс Х629.3
100 1_ a Автор Винберг Абрам Ильич
245 0_ a Заглавие Судебная экспертология
b Продолж. заглавия (Общетеорет. и методол. пробл. судеб. экспертиз): Учеб. пособие
c Ответственность Отв. ред. Б.А. Викторов; Высш. следств. шк. МВД СССР
c Ответственность Высш. следств. шк. МВД СССР
260 0_ a Место издания Волгоград
b Издательство НИ и РИО Высш. следств. шк. МВД СССР
c Дата издания 1979
300 a Объем 181,[2] с.
583 a Действие Получение впервые 256 08.04.99
k Исполнитель действия Дар Ларина А.М.
650 a Основная рубрика Экспертиза судебная
653 a Ключевые слова Экспертиза
a Ключевые слова Судебная экспертиза
a Ключевые слова Судебная экспертология
700 1_ a Другие авторы Малаховская Нина Терентьевна
700 1_ a Другие авторы Викторов Борис Алексеевич
e Роль лиц отв. ред.
852 t Порядковый номер экземпляра 1
p Инвентарный номер 708872
888 a Бесплатные
952 p 256.99 11.66 1 708872
c Вид литературы К ру
954 a Дата поступления на обработку 19990412
999 a Подразделение 2 Фил1